000 00391nam a2200169Ia 4500
001 27882
003 IN-NITTTR
005 20251114233346.0
008 251113s9999||||xx |||||||||||||| ||eng||
040 _beng
040 _cIN-NITTTR
041 _aeng
082 _a891.434 V191S
100 _aVaid, Krishna Baldev
245 0 _aShikast ki awaz /
_cVaid, Krishna Baldev
942 _2ddc
_cBK
999 _c30510
_d30510